000 00470nam a22001457a 4500
005 20150429102856.0
008 150429b xxu||||| |||| 00| 0 eng d
040 _cPK-LaUMT
082 _aKHC 297.9
_bJAF-H
100 _aجعفر محمد بن جریرالطبری
245 _aہارون الرشید اور اسکے جانشنین
_cجعفر محمد بن جریر الطبری
260 _aکراچی
_bنفیس اکیڈمی
_c1968
300 _a542 ص
942 _cBK
999 _c70607
_d70607